000 00661nam a2200265Ia 4500
001 Para_5577
003 CHAP
008 220125s1999 xx 000 0 und d
010 _a204024
040 _cCHAP
082 _aPA 595.7 E58
100 _aElzinga, Richard J.
_936462
245 _aFundamentals of entomology /
_c by Richard J. Elzinga
250 _a5
260 _aEnglewood :
_b Prentice Hall
300 _a495 p.
650 _aEntomología
_937113
901 _aPA 595.7 E58
902 _aA
905 _a0000001999 a 0000000000 00
910 _a1999
942 _cPARA
942 _cPARA
_d1
999 _c204024
_d204024